Boletín Epidemiológico Periódico (Registro nro. 1156)
[ vista simple ]
| 000 -LEADER | |
|---|---|
| fixed length control field | 00566nas a22001817a 4500 |
| 008 - CAMPO DE CONTROL RECURSOS CONTINUADOS | |
| fixed length control field | 130219t20099999ag ||||| |||| 00| 0 spa d |
| 022 ## - INTERNATIONAL STANDARD SERIAL NUMBER | |
| International Standard Serial Number | 1851-295X |
| 245 ## - TITULO | |
| Titulo | Boletín Epidemiológico Periódico |
| 260 ## - PUBLICACION, DISTRIBUCION, ETC. (PIE DE IMPRENTA) | |
| Lugar de publicación, distribución, etc | Buenos Aires: |
| Nombre de la editorial, distribuidor, etc. | Ministerio de Salud de la Nación, |
| Fecha de publicación | 2009 |
| 300 ## - DESCRIPCION FISICA | |
| Extensión | v. : |
| 310 ## - FRECUENCIA ACTUAL DE LA PUBLICACION | |
| Frecuencia actual de la publicación | semestral |
| 546 ## - NOTA DE IDIOMA | |
| Nota de lenguaje | español |
| 590 ## - NOTAS LOCALES (RLIN) | |
| Nota local | Existencias: 2009(1º sem) |
| 650 ## - MATERIA-TERMINO TEMATICO | |
| Término temático | EPIDEMIOLOGIA-BOLETIN |
| 9 (RLIN) | 1886 |
| 650 ## - MATERIA-TERMINO TEMATICO | |
| Término temático | EPIDEMIOLOGIA-ARGENTINA |
| 9 (RLIN) | 1887 |
| 856 ## - LOCALIZACION ELECTRONICA Y ACCESO | |
| Identificador Uniforme de Recurso (URI) | <a href="http://msal.gov.ar/htm/site/sala_situacion/boletines_ultimos.asp">http://msal.gov.ar/htm/site/sala_situacion/boletines_ultimos.asp</a> |
| 942 ## - ADDED ENTRY ELEMENTS (KOHA) | |
| Source of classification or shelving scheme | Dewey Decimal Classification |
| Item type | Continuing Resources |
No hay ítems disponibles.